Tratado de la culpabilidad y de la culpa penal con especial referencia a los delitos de imprudencia

Enregistré dans:
Détails bibliographiques
Auteur principal: Luzón Domingo, Manuel (autor)
Format: Livre
Langue:espagnol
Publié: Barcelona, España Hispano-Europea 1960
Sujets:
Tags: Ajouter un tag
Pas de tags, Soyez le premier à ajouter un tag!

MARC

LEADER 00000nam a2200000 a 4500
001 UCS0237
003 CL-VaPUC
005 20210612001358.0
008 970418e19600000SP |||||||||||||||||spa|d
999 |c 258477  |d 258475 
040 |c Pontificia Universidad Católica de Valparaíso 
082 0 4 |a 345.04 LUZ 1960  |2 21 
100 |a Luzón Domingo, Manuel  |e autor  |9 383466 
245 1 0 |a Tratado de la culpabilidad y de la culpa penal con especial referencia a los delitos de imprudencia 
260 0 3 |a Barcelona, España  |b Hispano-Europea  |c 1960 
300 |a 2 volúmenes 
583 |a last modification  |c 20150121 11:22:05  |k Rodrigo Vera 
650 7 |a CULPABILIDAD  |2 CL-VaPUC  |9 351694 
650 7 |a CULPA PENAL  |2 CL-VaPUC  |9 351693 
650 7 |a CULPA CIVIL  |2 CL-VaPUC  |9 381252 
650 0 |a Responsabilidad penal  |9 254899 
650 7 |a DOLO  |2 CL-VaPUC  |9 383467 
650 0 |a Accidentes de tráfico  |9 387030 
942 |c BK  |2 ddc 
945 |d 19970418 00:00:00  |a paguirre 
952 |0 0  |1 0  |2 ddc  |4 0  |6 345_040000000000000_LUZ_1960  |7 0  |8 A  |9 282616  |a BIBDER  |b BIBDER  |d 2019-11-19  |h v.1  |i 1832522  |o 345.04 LUZ 1960  |p 1832522  |r 2023-01-25  |t 1  |w 2019-11-19  |y BK  |k DER 
952 |0 0  |1 0  |2 ddc  |4 0  |6 345_040000000000000_LUZ_1960  |7 0  |8 A  |9 282617  |a BIBDER  |b BIBDER  |d 2019-11-19  |h v.2  |i 1832530  |o 345.04 LUZ 1960  |p 1832530  |r 2023-01-25  |t 1  |w 2019-11-19  |y BK  |k DER 
952 |0 0  |1 0  |2 ddc  |4 0  |6 345_040000000000000_LUZ_1960  |7 0  |8 A  |9 282618  |a BIBDER  |b BIBDER  |d 2019-11-19  |h v.2  |i 3975525  |o 345.04 LUZ 1960  |p 3975525  |r 2023-01-25  |t 2  |w 2019-11-19  |y BK  |k DER